| 000 | 00960cam a2200265 a 4500 | ||
|---|---|---|---|
| 001 | 000008247 | ||
| 005 | 20200929161322.0 | ||
| 008 | 010119s2000 ve 001 0 spa d | ||
| 020 | _a9803451995 | ||
| 035 | _a(OCoLC)ocm49215606 | ||
| 035 | _a(OCoLC)49215606 | ||
| 040 |
_aDO-SdBNP _cNYP _dOCLCQ _dIXA _dOCLCQ _dBNPHU |
||
| 082 |
_aV864.44 _bR621p |
||
| 100 | 1 |
_aRivero, Emilcen, _d1954- _920889 |
|
| 245 | 1 | 0 |
_aPalabras sobre ficción / _cEmilcen Rivero. |
| 260 |
_aVenezuela : _bTercer Milenium, _c2000. |
||
| 300 |
_a111 p. ; _c22 cm. |
||
| 490 | 1 |
_aLiteraria Ateneo de Los Teques ; _v40 |
|
| 600 | 1 | 0 |
_aNIETZSCHE, FRIEDRICH WILHELM, _d1844-1900 _xCRÍTICA E INTERPRETACIÓN. _922365 |
| 600 | 1 | 0 |
_aVARGAS LLOSA, MARIO, _d1936- _xCRÍTICA E INTERPRETACIÓN _916940 |
| 600 | 1 | 0 |
_aCAMUS, ALBERT, _d1913-1960 _xCRÍTICA E INTERPRETACIÓN. _922366 |
| 830 | 0 |
_aLiteraria Ateneo de Los Teques ; _v40. _922367 |
|
| 910 | _aCatalogación por copia / LC | ||
| 049 | _aBNGR | ||
| 999 |
_c8018 _d8018 |
||